Представление документа в формате RUSMARC

Поле Инд. ПП Название Значение
Тип записи a
Библиографический уровень a
001 Контрольный номер 73e8e74b7bde49b89a9a2453a9476c9e
005 Дата корректировки 20190516135029.4
100 a Данные общей обработки 20190515 ||| 0rusy0189 ca
101 0_ a Язык текста rus
102 a Страна публикации RU
200 1_ f Первые сведения об ответственности В.В. Кирюхин
a Заглавие О некоторых аспектах деятельности полиции по пресечению административных правонарушений экстремистской направленности, совершаемых несовершеннолетними
b Общее обозначение материала Текст
210 1_ d Дата издания 2019
461 _0 1 2000
a Административное право и процесс
463 _0 1 2000
a № 3
v С. 41-44
1 2101
d 2019
1 00162563a57774748b5bb2474c0965d4295
606 a Основная рубрика Административное право
610 0_ a Ключевые слова НЕСОВЕРШЕННОЛЕТНИЕ
a Ключевые слова АДМИНИСТРАТИВНЫЕ ПРАВОНАРУШЕНИЯ
a Ключевые слова ЭКСТРЕМИЗМ
a Ключевые слова ПОЛИЦИЯ
a Ключевые слова ПРЕСТУПЛЕНИЕ ПРОФИЛАКТИКА
700 _1 a Фамилия Кирюхин
b Имя В.В.
801 _0 a Страна RU
b Организация РГУП
c Дата составления 20190515
g Правила каталогизации PSBO
801 _1 a Страна RU
b Организация РГУП
c Дата составления 20190515
g Правила каталогизации PSBO
901 t Тип документа b
w Контрольный № источника 62563a57774748b5bb2474c0965d4295
905 a Дата ввода 20190515